| 000 | 01235cam a22003497i 4500 | ||
|---|---|---|---|
| 999 |
_c28454 _d28425 |
||
| 001 | 20485099 | ||
| 003 | EG-ScBUE | ||
| 005 | 20200805131836.0 | ||
| 008 | 180505t2018 nyua f b 001 0 eng d | ||
| 020 | _a9781617294433 | ||
| 020 | _a1617294438 | ||
| 035 | _a(OCoLC)ocn982650571 | ||
| 040 |
_aBTCTA _beng _erda _cBTCTA _dBDX _dYDX _dGZO _dOQX _dIXA _dORZ _dOCLCF _dSINLB _dDLC _dEG-ScBUE |
||
| 082 | 0 | 4 |
_a005.133 _bCHO _222 |
| 100 | 1 |
_aChollet, François, _eauthor. |
|
| 245 | 1 | 0 |
_aDeep learning with Python / _cFrançois Chollet. |
| 264 | 1 |
_aShelter Island, New York : _bManning Publications Co., _c[2018] |
|
| 264 | 4 | _c©2018 | |
| 300 |
_axxi, 361 pages : _billustrations ; _c24 cm |
||
| 336 |
_atext _btxt _2rdacontent |
||
| 337 |
_aunmediated _bn _2rdamedia |
||
| 338 |
_avolume _bnc _2rdacarrier |
||
| 504 | _aIncludes bibliographical references and index. | ||
| 650 | 7 |
_aPython (Computer program language) _2BUEsh |
|
| 650 | 7 |
_aMachine learning. _2BUEsh |
|
| 650 | 7 |
_aNeural networks (Computer science) _2BUEsh |
|
| 653 |
_bCOMAME _cJuly2020 |
||
| 655 |
_vReading book _934232 |
||
| 906 |
_a7 _bcbc _ccopycat _d2 _encip _f20 _gy-gencatlg |
||
| 942 |
_2ddc _cBB |
||